| 000 | 00728nas a2200265 i 4500 | ||
|---|---|---|---|
| 001 | 2344 | ||
| 003 | ES-MaACL | ||
| 005 | 20250828062531.0 | ||
| 007 | t| | ||
| 008 | 950801c1934 cu | | 1 ||pa d | ||
| 022 | _a0041-8420 | ||
| 080 | _a008 | ||
| 245 | 0 | 0 |
_aUniversidad de La Habana _b: [revista] / _cdir. José A. Presno Bastiony. |
| 260 |
_aLa Habana : _bUniversidad, _c1934- |
||
| 300 |
_a3 v. ; _c24 cm. |
||
| 310 | _aBimestral | ||
| 362 | 0 | _a1 (en.-feb. 1934)- | |
| 650 | 7 |
_aEducación _2embne _912073 |
|
| 700 | 1 |
_aPresno Bastiony, José A, _9194467 |
|
| 710 | 2 |
_aUniversidad de La Habana. _97191 |
|
| 852 |
_aES-MaACL _jHem-621 _cHEM |
||
| 866 | 0 | _o(1937)1938-1981. | |
| 942 | _2udc | ||
| 999 |
_c2344 _d2344 |
||